00365 a2200157 4500003000400000005001700004008004100021020001800062040000900080082002000089100001700109245002600126250001200152260003300164300001000197OSt20231204123802.0231204b |||||||| |||| 00| 0 eng d a9789353905200 coclc a894.8129bKUN/E aKunjaman, M. aEthiru /cM. Kunjaman a7th ed. aKottayam:bD C Books,c2023. a160p.